Score 0/25 Timer 05:00
0 Plays Today
% Correct
Alabama - Afghanistan
92.7%
Indiana - India
92.5%
Illinois - Marshall Islands
91.3%
Iowa - Laos
91.2%
Colorado - Colombia
91.1%
Maryland - Iceland
90.9%
Kentucky - Kyrgyzstan
90.9%
Maine - Mongolia
89.9%
Alaska - Russia
89.4%
Florida - France
88.8%
Idaho - Indonesia
87.7%
Georgia - Georgia
87.5%
Michigan - Singapore
86.2%
% Correct
California - Mexico
85.9%
Arizona - Guatemala
84.3%
Hawaii - South Sudan
82.5%
Connecticut - Sudan
80.4%
Louisiana - Cuba
75.9%
Missouri - Egypt
71.5%
Massachusetts - Netherlands
71.4%
Arkansas - Equatorial Guinea
70.3%
Kansas - Libya
69.2%
Minnesota - Turkmenistan
67.4%
Mississippi - Sierra Leone
60.8%
Delaware - Maldives
49.8%
Remove Ads.
Support Sporcle.
Get the best of Sporcle when you Go Orange. This ad-free experience offers more features, more stats, and more fun while also helping to support Sporcle. Thank you for becoming a member.

You're not logged in!

Compare scores with friends on all Sporcle quizzes.
OR
Log In

Show Comments

Extras

Top Quizzes Today


Score Distribution

Your Account Isn't Verified!

In order to create a playlist on Sporcle, you need to verify the email address you used during registration. Go to your Sporcle Settings to finish the process.

Report this User

Report this user for behavior that violates our Community Guidelines.

Details: